| 000 | 01292nam a2200241 i 4500 | ||
|---|---|---|---|
| 001 | 68992 | ||
| 003 | ES-MaACL | ||
| 005 | 20250603171455.0 | ||
| 007 | t| | ||
| 008 | 040824m19641974sp ||||1| spa d | ||
| 080 | _a314.9(460)"1970" | ||
| 110 | 2 |
_aInstituto Nacional de Estadística (España) _95162 |
|
| 245 | 1 | 0 |
_aCenso de la población de España : _bsegún la inscripción realizada el 31 de diciembre de 1970 / _cInstituto Nacional de Estadística. |
| 260 |
_a[Madrid] : _bInstituto Nacional de Estadística, _c[1964-1974] |
||
| 300 |
_a3 v. ; _c29 cm. |
||
| 505 | 8 | _aContiene: I. Número de habitantes por municipio (población de derecho y de hecho por sexos) (XXXVI, 217 p.) -- III. Características de la población (resúmenes nacionales) (XXII, 185 p., [3] p., [1] h. pleg.) -- V. Nomenclátor de las ciudades, villas, lugares, aldeas y demás entidades de población . Índice general alfabético (483 p.) | |
| 594 | _aPrecede al tít.: en v. I: Presidencia del Gobierno ; en v. III y V: Ministerio de Planificación del Desarrollo | ||
| 651 | 7 |
_aEspaña- _xCensos _2 _9155755 |
|
| 710 | 1 |
_aEspaña. _bPresidencia del Gobierno. _93951 |
|
| 710 | 1 |
_aEspaña. _bMinisterio de Planificación del Desarrollo. _9173854 |
|
| 852 | 4 |
_aES-MaACL _jP-1315 |
|
| 999 |
_c68992 _d68992 |
||